Online
Catalog

La autoimagen de los dominicanos / (Record no. 27409)

MARC details
000 -CABECERA
campo de control de longitud fija 01052nam a2200277 a 4500
001 - NÚMERO DE CONTROL
campo de control 000027917
003 - IDENTIFICADOR DEL NÚMERO DE CONTROL
campo de control OSt
005 - FECHA Y HORA DE LA ÚLTIMA TRANSACCIÓN
campo de control 20250124082802.0
008 - DATOS DE LONGITUD FIJA--INFORMACIÓN GENERAL
campo de control de longitud fija 110405s2000 dr c 000 0 spa d
020 ## - NÚMERO INTERNACIONAL ESTÁNDAR DEL LIBRO
Número Internacional Estándar del Libro 9993435058
040 ## - FUENTE DE LA CATALOGACIÓN
Centro catalogador/agencia de origen DO-SdBNP
Lengua de catalogación spa
Centro/agencia transcriptor BNPHU
082 ## - NÚMERO DE LA CLASIFICACIÓN DECIMAL DEWEY
Número de clasificación xxxx
Número de documento/Ítem xxxx
100 1# - ENTRADA PRINCIPAL--NOMBRE DE PERSONA
Nombre de persona Záiter Mejía, Alba Josefina
9 (RLIN) 2002
245 13 - MENCIÓN DE TÍTULO
Título La autoimagen de los dominicanos /
Mención de responsabilidad, etc. Josefina Zaiter, Leo Valeirón ; introducción Onfre Rojas
260 ## - PUBLICACIÓN, DISTRIBUCIÓN, ETC.
Lugar de publicación, distribución, etc. Santo Domingo :
Nombre del editor, distribuidor, etc. Comisión Presidencial para la Reforma y Modernización del Estado,
Fecha de publicación, distribución, etc. 2000.
300 ## - DESCRIPCIÓN FÍSICA
Extensión 69 p. :
Otras características físicas retrs.
Dimensiones 22 cm.
490 1# - MENCIÓN DE SERIE
Mención de serie Conversatorios de la reforma ;
Designación de volumen o secuencia 18 ;
500 ## - NOTA GENERAL
Nota general Incluye referencias bibliográficas y notas al pie de las páginas
590 ## - NOTA LOCAL (RLIN)
Nota local Inventariado, 2020/ YL
700 1# - PUNTO DE ACCESO ADICIONAL--NOMBRE DE PERSONA
Nombre de persona Valeirón, Leo
9 (RLIN) 54981
700 1# - PUNTO DE ACCESO ADICIONAL--NOMBRE DE PERSONA
Nombre de persona Rojas, Onfre
Término indicativo de función/relación int.
9 (RLIN) 54982
710 2# - PUNTO DE ACCESO ADICIONAL--NOMBRE DE ENTIDAD CORPORATIVA
Nombre de entidad corporativa o nombre de jurisdicción como elemento de entrada República Dominican
Unidad subordinada Comisión Presidencial para la Reforma y Modernización del Estado,
9 (RLIN) 54983
830 #0 - PUNTO DE ACCESO ADICIONAL DE SERIE-TÍTULO UNIFORME
Título uniforme Conversatorios de la reforma
Número de parte o sección de la obra 18
9 (RLIN) 54984
910 ## - DATOS DE OPCIÓN DEL USUARIO (OCLC)
Datos de opción del usuario YLockward
942 ## - ELEMENTOS DE PUNTO DE ACCESO ADICIONAL (KOHA)
Fuente del sistema de clasificación o colocación Dewey Decimal Classification
Tipo de ítem Koha Libro
Holdings
Estado de retiro Estado de pérdida Fuente del sistema de clasificación o colocación Restricciones de uso No para préstamo Código de colección Localización permanente Ubicación/localización actual Ubicación en estantería Fecha de adquisición Fuente de adquisición Número de inventario Total de préstamos Signatura topográfica completa Código de barras Fecha visto por última vez Precio válido a partir de Tipo de ítem Koha Número de copia
    Dewey Decimal Classification Excluido de préstamo Excluido de préstamo Monografías: Libros y Folletos Patrimonio Dominicano Patrimonio Dominicano En catalogación 05.04.2011 Donación LF1   27917-10 25.06.2020 25.06.2020 Libro  
    Dewey Decimal Classification Excluido de préstamo Préstamo restrigido Monografías: Libros y Folletos Patrimonio Dominicano Patrimonio Dominicano En catalogación 05.04.2011 Donación LF1   2020-0550 20.11.2020 25.06.2020 Libro e. 2
    Dewey Decimal Classification Préstamo en sala   Monografías: Libros y Folletos Patrimonio Dominicano Patrimonio Dominicano En catalogación 17.07.2010 Dom. AM LF1   2020-0551 20.11.2020 25.06.2020 Libro e. 3

Powered by Koha